000 00402nam a2200169Ia 4500
008 230524s9999 xx 000 0 und d
020 _a9788120320451
082 _a621.382
_bKAT
100 _aKatsuhiko Ogata
245 0 _aModern Control Engineering
250 _a4TH
260 _aNEW DELHI
_bPHI
_c2005
300 _a976
500 _aQuantity Number: 74
650 _aElectrical
942 _cBK
999 _c17080
_d17080